banner-ar

معجزات العلاج / (Record no. 46050)

MARC details
000 -الفاتح
حقل البيانات ثابتة الطول 00483nam a2200181Ia 4500
008 - عناصر البيانات ثابتة الطول - معلومات عامة
حقل البيانات ثابتة الطول 140319s9999 xx 000 0 ara d
040 ## - مصدر الفهرسة
وكالة الفهرسة الأصلية GCL /
وكالة النسخ GCL
082 04 - رقم تصنيف ديوى العشرى
رقم التصنيف 001.94
رقم المادة ر م
100 1# - المدخل الرئيسى - إسم شخصى
الإسم الشخصى راجى عنايت
245 10 - بيان العنوان
العنوان معجزات العلاج /
بيان المسئوليه,etc راجى عنايت
300 ## - الوصف المادى
التعداد 243
490 ## - بيان السلسلة
عنوان السلسلة اغرب من الخيال
رقم المجلد/ التعيين التسلسلي 0
650 04 - المدخل الاضافى بالموضوع-مصطلح موضوعى
مصطلح موضوعي العلاج
650 04 - المدخل الاضافى بالموضوع-مصطلح موضوعى
مصطلح موضوعي الطب النفسى
650 04 - المدخل الاضافى بالموضوع-مصطلح موضوعى
مصطلح موضوعي العلاج الروحى
942 ## - عناصر المدخل الإضافي( كوها)
مصدر التصنيف او مخطط الترفيف Dewey Decimal Classification
Koha [default] item type كتاب
Holdings
حالة التراجع حالة الفقد حالة تلف ليس للاعارة المكان المؤقت الموقع الحالى تاريخ الاكتساب اجمالي اﻻعارات رقم الطلب الباركود تاريخ اخر مشاهدة تاريخ تفعيل السعر نوع وعاء كوها
        مكتبة القاهرة الكبرى مكتبة القاهرة الكبرى 03/26/2014   001.94\ر م 112202 03/26/2014 03/26/2014 كتاب

Powered By

EGPV